Body Parts in Italian - Statistics

General Stats
  • This quiz has been taken 68 times
  • The average score is 19 of 28
Answer Stats
Hint Answer % Correct
hand mano
94%
mouth bocca
91%
face faccia
84%
eye occhio
84%
foot piede
84%
arm braccio
81%
hair capelli
81%
tongue lingua
81%
nose naso
81%
head testa
81%
heart cuore
78%
finger dito
78%
leg gamba
78%
tooth dente
72%
ear orecchio
72%
blood sangue
72%
knee ginocchio
69%
chest petto
59%
shoulder spalla
59%
elbow gomito
53%
skin pelle
53%
lips labbra
50%
liver fegato
47%
lung polmone
47%
kidney rene
47%
brain cervello
44%
nail unghia
44%
hip anca
41%
No matching quizzes found
Score Distribution
Percent of People with Each Score
Percentile by Number Answered
Your Score History
You have not taken this quiz